000 00284nam a2200121Ia 4500
008 190216s9999||||xx |||||||||||||| ||und||
100 _aRajanand. Dr.
245 0 _aHindi- Gandhi Aur Bharath
260 _bBarath Grand Nikthan
_c2002
300 _a96
650 _aHindi
942 _cBK
999 _c16115
_d16115